[Event "10th EICC"]
[Site "Budva MNE"]
[Date "2009.03.09"]
[Round "4"]
[White "Georgiadis,I"]
[Black "Skoberne,J"]
[Result "1/2-1/2"]
[WhiteElo "2383"]
[BlackElo "2489"]
[EventDate "2009.03.06"]

1. e4 c5 2. Nf3 Nc6 3. d4 cxd4 4. Nxd4 Nf6 5. Nc3 e5 6. Ndb5 d6 7. Bg5 a6
8. Na3 b5 9. Nd5 Be7 10. Bxf6 Bxf6 11. c4 b4 12. Nc2 Rb8 13. b3 Bg5 14. g3
O-O 15. Bg2 a5 16. O-O Ne7 17. Kh1 Bb7 18. Nxe7+ Qxe7 19. Qd3 f5 20. Rad1
Rbd8 21. f4 fxe4 22. Bxe4 d5 23. cxd5 exf4 24. Bg2 Qd6 25. Rf2 fxg3 26.
Rxf8+ Rxf8 27. Qxg3 Qxg3 28. hxg3 Rf2 29. Nd4 Rxa2 30. Nc6 g6 31. Re1 Kf8
32. Rf1+ Kg7 33. Re1 Bc8 34. Re8 Bg4 35. Ra8 h5 36. d6 Rd2 37. Rxa5 Rd1+
38. Kh2 Be3 39. Rd5 Bg1+ 40. Kh1 Rxd5 41. Bxd5 Bc5 42. Ne5 Bf5 43. d7 Bb6
44. Nc6 Bxd7 45. Nxb4 Kf6 1/2-1/2

[Event "10th EICC"]
[Site "Budva MNE"]
[Date "2009.03.09"]
[Round "4"]
[White "Reutsky,S"]
[Black "Lintchevski,D"]
[Result "1/2-1/2"]
[WhiteElo "2381"]
[BlackElo "2481"]
[EventDate "2009.03.06"]

1. d4 Nf6 2. c4 c6 3. Nc3 d5 4. e3 a6 5. Nf3 b5 6. c5 g6 7. Bd3 Bg7 8. Qc2
a5 9. O-O O-O 10. Re1 Bg4 11. Ne5 Be6 12. f4 Nfd7 13. Ne2 f5 14. Kh1
1/2-1/2

[Event "10th EICC"]
[Site "Budva MNE"]
[Date "2009.03.09"]
[Round "4"]
[White "Doric,D"]
[Black "Schmidt,Rau"]
[Result "1/2-1/2"]
[WhiteElo "2477"]
[BlackElo "2382"]
[EventDate "2009.03.06"]

1. d4 Nf6 2. c4 g6 3. Nc3 Bg7 4. e4 d6 5. Nf3 O-O 6. Be2 e5 7. O-O Nc6 8.
d5 Ne7 9. b4 a5 10. Ba3 Nd7 11. bxa5 b6 12. Bb4 bxa5 13. Ba3 Bh6 14. c5
Nxc5 15. Bxc5 dxc5 16. Nxe5 Bg7 17. f4 g5 18. Qc2 gxf4 19. Nd3 c6 20. Nxf4
cxd5 21. Nfxd5 Nc6 22. Qd2 Be6 23. Rad1 Rb8 24. Bb5 Nd4 25. a4 f5 26. Qd3
Kh8 27. Kh1 Qh4 28. Nf4 Bb3 29. Rc1 fxe4 30. Qxe4 1/2-1/2

[Event "10th EICC"]
[Site "Budva MNE"]
[Date "2009.03.09"]
[Round "4"]
[White "Serov,M"]
[Black "Savchenko,B"]
[Result "0-1"]
[WhiteElo "2352"]
[BlackElo "2654"]
[EventDate "2009.03.06"]

1. d4 Nf6 2. c4 e6 3. g3 d5 4. Nf3 dxc4 5. Bg2 Nc6 6. O-O a6 7. e3 Bd7 8.
Nc3 b5 9. Ne5 Nxe5 10. dxe5 Nd5 11. Nxd5 exd5 12. Qxd5 c6 13. Qe4 Rb8 14.
Rd1 Qc8 15. b3 c3 16. b4 c5 17. a3 Be7 18. Rd3 O-O 19. Rxc3 Bf5 20. Qf4 g5
21. Qf3 Bg4 22. Qe4 Rd8 23. bxc5 Rd1+ 24. Bf1 b4 25. axb4 Be2 26. Bb2 Rxb4
27. Qxb4 Rxf1+ 28. Rxf1 Qh3 29. Qb8+ Kg7 30. Rcc1 Bf3 31. e6+ Kh6 0-1

[Event "10th EICC"]
[Site "Budva MNE"]
[Date "2009.03.09"]
[Round "4"]
[White "Svetushkin,D"]
[Black "Van Eijk,S"]
[Result "1-0"]
[WhiteElo "2593"]
[BlackElo "2355"]
[EventDate "2009.03.06"]

1. d4 Nf6 2. c4 g6 3. Nc3 d5 4. cxd5 Nxd5 5. e4 Nxc3 6. bxc3 Bg7 7. Bc4 c5
8. Ne2 Nc6 9. Be3 O-O 10. O-O Qc7 11. Rc1 b6 12. Qd2 Rd8 13. Bh6 Bh8 14. f4
Na5 15. Bd3 Bg4 16. d5 c4 17. Bb1 e5 18. Ng3 exf4 19. Bxf4 1-0

[Event "10th EICC"]
[Site "Budva MNE"]
[Date "2009.03.09"]
[Round "4"]
[White "Plenkovic,Z"]
[Black "Mastrovasilis,D"]
[Result "1/2-1/2"]
[WhiteElo "2354"]
[BlackElo "2580"]
[EventDate "2009.03.06"]

1. e4 c5 2. Nf3 e6 3. d4 cxd4 4. Nxd4 Nc6 5. Nc3 Qc7 6. Be2 a6 7. O-O Nf6
8. Be3 Bb4 9. Nxc6 bxc6 10. f4 O-O 11. e5 Nd5 12. Nxd5 cxd5 13. Bd3 d6 14.
Kh1 g6 15. Qg4 a5 16. Bd4 Bc5 17. exd6 Qxd6 18. Bf6 e5 19. Qh4 e4 20. f5
exd3 21. Rf3 Bxf5 22. Rxf5 Rfe8 23. Rf3 Qe6 24. cxd3 Be7 25. Raf1 Ra6 26.
Qa4 Qc6 27. Qxc6 Rxc6 28. Bc3 Bb4 29. Bxb4 axb4 30. Rxf7 Re2 31. h4 Rxb2
32. Rd7 Rcc2 33. Rff7 Rxg2 34. Rg7+ 1/2-1/2

[Event "10th EICC"]
[Site "Budva MNE"]
[Date "2009.03.09"]
[Round "4"]
[White "Anton,T"]
[Black "Sofronie,I"]
[Result "1-0"]
[WhiteElo "2350"]
[BlackElo "2471"]
[EventDate "2009.03.06"]

1. d4 g6 2. c4 Bg7 3. Nf3 d6 4. g3 Nd7 5. Bg2 e5 6. Nc3 Ne7 7. O-O O-O 8.
h3 exd4 9. Nxd4 Nb6 10. Qd3 d5 11. cxd5 Nexd5 12. Nxd5 Nxd5 13. Rd1 c6 14.
e4 Ne7 15. Bg5 Qc7 16. Qa3 Re8 17. Rac1 Be6 18. Nxe6 fxe6 19. Rd3 Nc8 20.
Rcd1 Nb6 21. b3 c5 22. h4 Bd4 23. Qc1 Rac8 24. Bh3 Nd7 25. Bf4 e5 26. Bh6
b5 27. Qg5 Qd6 28. h5 Rc7 29. Rf3 Nf8 30. Kg2 Rf7 31. Rxf7 Kxf7 32. Rd3 1-0

[Event "10th EICC"]
[Site "Budva MNE"]
[Date "2009.03.09"]
[Round "4"]
[White "Aleskerov,F"]
[Black "Stojanovic,Da"]
[Result "1-0"]
[WhiteElo "2340"]
[BlackElo "2469"]
[EventDate "2009.03.06"]

1. d4 d5 2. Nf3 Nf6 3. e3 c6 4. Nbd2 Bf5 5. Nh4 Bg6 6. Nxg6 hxg6 7. Bd3 e6
8. c3 Nbd7 9. e4 dxe4 10. Nxe4 Qc7 11. g3 Nxe4 12. Bxe4 O-O-O 13. O-O e5
14. dxe5 Nxe5 15. Qa4 Bc5 16. b4 Bb6 17. Bf4 g5 18. Bxg5 f6 19. Bf4 g5 20.
Bxe5 fxe5 21. Rad1 Rd6 22. Qc2 Kb8 23. a4 a6 24. Bf5 a5 25. Rxd6 Qxd6 26.
Rd1 Qh6 27. h3 axb4 28. Rb1 Bc5 29. cxb4 Bd4 30. b5 c5 31. a5 Rf8 32. a6
Qb6 33. Kg2 c4 34. f3 Rd8 35. Qe4 Bc5 36. axb7 Rd2+ 37. Kh1 Qd6 1-0

[Event "10th EICC"]
[Site "Budva MNE"]
[Date "2009.03.09"]
[Round "4"]
[White "Bruno,Fabi"]
[Black "Berend,F"]
[Result "1-0"]
[WhiteElo "2461"]
[BlackElo "2351"]
[EventDate "2009.03.06"]

1. Nf3 c5 2. c4 Nc6 3. g3 g6 4. Bg2 Bg7 5. O-O d6 6. Nc3 e5 7. a3 Nge7 8.
b4 cxb4 9. axb4 Nxb4 10. Ba3 Nbc6 11. Nb5 O-O 12. Nxd6 f5 13. d3 Rf6 14. c5
h6 15. Bb2 Rxd6 16. cxd6 Qxd6 17. Ba3 Qe6 18. Nd2 e4 19. dxe4 Bxa1 20. Qxa1
Qf7 21. Rc1 Be6 22. exf5 Bxf5 23. Nc4 Rd8 24. Nd6 Qe6 25. e4 Bg4 26. h3 Be2
27. Nxb7 Rd2 28. Bxe7 Nxe7 29. Qa5 Rd4 30. Qxa7 Nc6 31. Qa8+ Kh7 32. Nc5
Qd6 33. Qb7+ Kh8 34. Qb2 Bd1 35. Na6 1-0

[Event "10th EICC"]
[Site "Budva MNE"]
[Date "2009.03.09"]
[Round "4"]
[White "Vojinovic,J"]
[Black "Kalezic,B"]
[Result "1/2-1/2"]
[WhiteElo "2331"]
[BlackElo "2460"]
[EventDate "2009.03.06"]

1. d4 d6 2. c4 c6 3. Nc3 Nf6 4. e4 e5 5. Nf3 Nbd7 6. Be2 Be7 7. O-O O-O 8.
Be3 Re8 9. d5 c5 10. a3 Nf8 11. b4 b6 12. bxc5 bxc5 13. Qc2 a6 14. Rfb1 h6
15. Na4 N6d7 16. Bd2 f5 17. exf5 e4 18. Ne1 Bf6 19. Ra2 Be5 20. g3 Qf6 21.
Qxe4 Re7 22. Qf3 Bd4 23. Bf4 Ne5 24. Bxe5 Rxe5 25. Bd3 Bxf5 26. Rd2 Nh7 27.
h4 Qg6 28. Ng2 Rf8 29. Nf4 Qe8 30. Bxf5 Rfxf5 31. Qb3 Re1+ 32. Kh2 Rxf4 33.
gxf4 Rxb1 34. Qxb1 Qxa4 35. Qb8+ Nf8 36. Re2 Qd7 37. f3 Kf7 38. Qb1 Bf6 39.
h5 Kg8 40. Qe4 Bd4 41. Kg3 Bf6 42. Qb1 Qa4 43. Qd3 Qd7 44. Qb1 Qa4 45. Qd3
Qd7 46. Qb1 1/2-1/2

[Event "10th EICC"]
[Site "Budva MNE"]
[Date "2009.03.09"]
[Round "4"]
[White "Bykhovsky,An ISR"]
[Black "Pesotsky,V"]
[Result "1-0"]
[WhiteElo "2459"]
[BlackElo "2343"]
[EventDate "2009.03.06"]

1. d4 Nf6 2. Nf3 b5 3. Bg5 Bb7 4. Nbd2 a6 5. Bxf6 exf6 6. e4 c5 7. a4 cxd4
8. Nxd4 Nc6 9. N4b3 Qb6 10. axb5 axb5 11. Rxa8+ Bxa8 12. Qe2 Bc5 13. f3 O-O
14. Qxb5 Bf2+ 15. Kd1 Qa7 16. Bd3 Ne5 17. Rf1 Bc6 18. Qa5 Nxd3 19. cxd3 Qe3
20. Qc3 Bh4 21. Nc4 Qa7 22. Ke2 1-0

[Event "10th EICC"]
[Site "Budva MNE"]
[Date "2009.03.09"]
[Round "4"]
[White "Dembo,Y"]
[Black "Bonte,An"]
[Result "1-0"]
[WhiteElo "2456"]
[BlackElo "2335"]
[EventDate "2009.03.06"]

1. e4 c5 2. Nf3 Nc6 3. Bb5 g6 4. O-O Bg7 5. c3 Nf6 6. Re1 O-O 7. h3 Qb6 8.
Na3 d5 9. e5 Ne8 10. d4 cxd4 11. cxd4 Nc7 12. Ba4 Bf5 13. Bb3 Be4 14. Be3
Na5 15. Nd2 Nxb3 16. Nxb3 f6 17. Rc1 Na6 18. exf6 Bxf6 19. Qd2 Rf7 20. Rc3
Raf8 21. f3 Bf5 22. Bf2 g5 23. Nc5 Nxc5 24. Rxc5 e6 25. Bg3 h5 26. Nb5 g4
27. Bd6 gxf3 28. Bxf8 Rxf8 29. Qf2 a6 30. Nc3 fxg2 31. Kxg2 Be7 32. Qg3+
Kh8 33. Qe5+ Bf6 34. Qf4 Rg8+ 35. Kh1 Bg7 36. Rg1 Kh7 37. Qg5 Qd8 38. Qxh5+
Bh6 39. Rxg8 Kxg8 40. Qxh6 b6 41. Rc6 1-0

[Event "10th EICC"]
[Site "Budva MNE"]
[Date "2009.03.09"]
[Round "4"]
[White "Pogorelov,R"]
[Black "Vulevic,V"]
[Result "1-0"]
[WhiteElo "2451"]
[BlackElo "2325"]
[EventDate "2009.03.06"]

1. Nf3 c5 2. c4 Nf6 3. Nc3 d6 4. d4 cxd4 5. Nxd4 e5 6. Nc2 Be7 7. g3 O-O 8.
Bg2 Nc6 9. O-O Be6 10. Ne3 Rc8 11. Ned5 Bxd5 12. cxd5 Na5 13. Qd3 Nd7 14.
b4 Nc4 15. Nb5 a6 16. Na7 Rc7 17. Nc6 bxc6 18. Qxc4 cxd5 1-0

[Event "10th EICC"]
[Site "Budva MNE"]
[Date "2009.03.09"]
[Round "4"]
[White "Simeonidis,I"]
[Black "D'Costa,L"]
[Result "0-1"]
[WhiteElo "2303"]
[BlackElo "2445"]
[EventDate "2009.03.06"]

1. Nf3 Nf6 2. c4 e6 3. Nc3 Bb4 4. Qc2 c5 5. a3 Ba5 6. g3 Nc6 7. Bg2 O-O 8.
O-O d6 9. d3 h6 10. Rb1 Qe7 11. e3 Bd7 12. Nd2 Rab8 13. b3 a6 14. Bb2 b5
15. Nce4 Nh7 16. f4 Rfc8 17. Ba1 d5 18. Nf2 Be8 19. Nf3 f6 20. Rfc1 Bb6 21.
Kh1 Nf8 22. Qe2 Rd8 23. Rd1 Ba7 24. Bh3 Bf7 25. Rdc1 e5 26. fxe5 fxe5 27.
cxd5 Bxd5 28. Bg2 Nd7 29. Nd2 Nf6 30. Nde4 Nxe4 31. Bxe4 Qe6 32. Qf3 Rb7
33. Kg2 Rf7 34. Bxd5 Rxd5 35. Qe4 Ne7 36. Ng4 Nf5 37. Nxe5 Nd6 38. Qh4 Rxe5
39. Bxe5 Qxe5 40. e4 Qd4 41. Rf1 Rxf1 42. Rxf1 Qxd3 43. Qd8+ Kh7 44. Qd7
Bb6 45. Rf6 Qe2+ 46. Kh3 Qh5+ 47. Kg2 Nxe4 48. Rxb6 Qe2+ 49. Kh3 Ng5+ 0-1

[Event "10th EICC"]
[Site "Budva MNE"]
[Date "2009.03.09"]
[Round "4"]
[White "Chibukhchian,A"]
[Black "Tassopoulos,M"]
[Result "1-0"]
[WhiteElo "2444"]
[BlackElo "2293"]
[EventDate "2009.03.06"]

1. d4 d5 2. c4 e6 3. Nc3 Be7 4. cxd5 exd5 5. Bf4 Nf6 6. e3 Bf5 7. Qb3 Nc6
8. a3 Na5 9. Qa2 O-O 10. b4 Nc4 11. Bxc4 dxc4 12. Qxc4 a5 13. b5 c6 14.
bxc6 bxc6 15. Nge2 Ne4 16. Nxe4 Bxe4 17. O-O Bd5 18. Qc2 a4 19. e4 Bb3 20.
Qd3 f5 21. exf5 Ra5 22. Qe3 Raxf5 23. Be5 c5 24. dxc5 Qd5 25. Bd4 Bxc5 26.
f4 Bd6 27. Rf3 Bc4 28. Nc3 Qf7 29. Nxa4 Bxf4 30. Qc3 Bd5 31. Rf2 Bxh2+ 32.
Kxh2 Rxf2 33. Bxf2 Qxf2 34. Qg3 Qd4 35. Nc3 Rf4 36. Qg5 Qxc3 37. Qxd5+ Rf7
38. Rf1 Qc7+ 39. g3 Kf8 40. Qa8+ Ke7 41. Qe4+ Kf8 42. Qb4+ Ke8 43. Re1+ Kd8
44. Qd2+ Qd7 45. Qa5+ Qc7 46. Qa8+ 1-0

[Event "10th EICC"]
[Site "Budva MNE"]
[Date "2009.03.09"]
[Round "4"]
[White "Misailovic,N"]
[Black "Devereaux,M"]
[Result "1-0"]
[WhiteElo "2293"]
[BlackElo "2437"]
[EventDate "2009.03.06"]

1. e4 c5 2. Nc3 Nc6 3. g3 g6 4. Bg2 Bg7 5. d3 Rb8 6. Be3 b5 7. Qd2 b4 8.
Nd1 d6 9. f4 Bd7 10. Nf3 Nf6 11. h3 O-O 12. g4 Ne8 13. f5 e6 14. Bg5 Qc7
15. Bh6 exf5 16. gxf5 Nd4 17. Bxg7 Nxf3+ 18. Bxf3 Kxg7 19. Ne3 Qd8 20. h4
Nf6 21. fxg6 fxg6 22. h5 Ng8 23. Be2 Be6 24. hxg6 h6 25. Rh5 Qb6 26. Bg4
Bxg4 27. Nxg4 c4 28. O-O-O c3 29. Qh2 b3 30. cxb3 Rbc8 31. Rxh6 cxb2+ 32.
Kb1 Rc1+ 33. Kxb2 Rf2+ 34. Nxf2 Qd4+ 35. Kxc1 Qa1+ 36. Kd2 Qxa2+ 37. Ke3
Nxh6 38. Rh1 1-0

[Event "10th EICC"]
[Site "Budva MNE"]
[Date "2009.03.09"]
[Round "4"]
[White "Valeanu,E"]
[Black "Stanojevic,B"]
[Result "0-1"]
[WhiteElo "2432"]
[BlackElo "2276"]
[EventDate "2009.03.06"]

1. e4 e6 2. d4 d5 3. Nc3 Bb4 4. e5 c5 5. a3 Bxc3+ 6. bxc3 Qc7 7. Qg4 f5 8.
Qg3 cxd4 9. cxd4 Ne7 10. Ne2 O-O 11. c3 Bd7 12. Nf4 Nbc6 13. h4 Na5 14. Rb1
Rac8 15. Rh3 a6 16. Be2 b5 17. Nh5 Rf7 18. Bh6 Ng6 19. Nxg7 f4 20. Qf3 Rxg7
21. Bxg7 Kxg7 22. h5 Nxe5 23. dxe5 Qxe5 24. Kf1 Kh8 25. Rb4 Nc4 26. Bxc4
dxc4 27. Qb7 Qd6 28. Qe4 e5 29. Rh1 Bf5 30. Qe1 Bd3+ 31. Kg1 e4 32. h6 Rg8
33. Rh2 Qe5 34. a4 e3 35. axb5 axb5 36. fxe3 fxe3 37. Rh3 e2 38. Rf3 Qc5+
39. Rf2 Re8 40. Rb2 Kg8 41. Ra2 Qe3 42. Ra6 Rf8 43. Ra1 Rf6 44. Ra8+ Kf7
45. Ra1 Kg6 46. g3 Qxg3+ 47. Rg2 Rf1+ 48. Qxf1 exf1=Q+ 49. Rxf1 Qxg2+ 50.
Kxg2 Bxf1+ 51. Kxf1 Kxh6 52. Kf2 Kg5 53. Ke3 h5 0-1

[Event "10th EICC"]
[Site "Budva MNE"]
[Date "2009.03.09"]
[Round "4"]
[White "Djurovic,G"]
[Black "Schroll,G"]
[Result "1/2-1/2"]
[WhiteElo "2279"]
[BlackElo "2430"]
[EventDate "2009.03.06"]

1. c4 f5 2. g3 Nf6 3. Bg2 g6 4. d3 Bg7 5. e4 d6 6. exf5 gxf5 7. Nc3 e5 8.
Nge2 c6 9. O-O O-O 10. d4 Be6 11. d5 cxd5 12. Nxd5 Nxd5 13. Bxd5 Qd7 14.
Nc3 Nc6 15. Nb5 Rae8 16. Be3 a6 17. Nc3 f4 18. Bb6 Kh8 19. f3 fxg3 20. hxg3
Nd4 21. Ne4 Rc8 22. Qd3 Bf5 23. Rf2 Bg6 24. Kg2 Nf5 25. Rh1 Ne7 26. b3 Nxd5
27. Qxd5 Qc6 28. Qxc6 Rxc6 29. Be3 b5 30. cxb5 axb5 31. Rd1 Rd8 32. Rfd2
Bf8 33. Rd5 b4 34. R1d2 Ra8 35. Nxd6 1/2-1/2

[Event "10th EICC"]
[Site "Budva MNE"]
[Date "2009.03.09"]
[Round "4"]
[White "Matsenko,S"]
[Black "Andrejic,V"]
[Result "1-0"]
[WhiteElo "2429"]
[BlackElo "2275"]
[EventDate "2009.03.06"]

1. e4 c5 2. Nf3 e6 3. d4 cxd4 4. Nxd4 Nc6 5. Nc3 Qc7 6. Be2 a6 7. O-O Nf6
8. Be3 Bb4 9. Na4 Be7 10. Nxc6 bxc6 11. Nb6 Rb8 12. Nxc8 Qxc8 13. Bd4 Qc7
14. e5 Nd5 15. b3 a5 16. Bd3 O-O 17. Qh5 g6 18. Qg4 f5 19. Qd1 c5 20. Bb2
Nb4 21. Bc4 f4 22. Re1 Rf5 23. Qd2 f3 24. Rad1 Rb7 25. Qxd7 Qxd7 26. Rxd7
Rxd7 27. Bxe6+ Kg7 28. Bxd7 Rf8 29. Re3 fxg2 30. e6+ Kg8 31. Kxg2 Nxc2 32.
Re2 Nb4 33. Rd2 Rf5 34. Bc3 Kf8 35. Bc8 Nd5 36. Bxa5 c4 37. Kh1 cxb3 38.
axb3 Re5 39. Rd3 Nf4 40. Rf3 Rxa5 41. Rxf4+ Ke8 42. Bd7+ Kd8 43. Rc4 Bf6
44. b4 Ra2 45. Kg2 Rb2 46. b5 Ke7 47. h3 h5 48. Rf4 Rb3 49. Rf3 Rb2 50. Rg3
g5 51. Rf3 Rb4 52. Rf5 h4 53. Kf3 Rb3+ 54. Kg4 Rb4+ 55. Kf3 Rb3+ 56. Kg2
Rb4 57. Rd5 g4 58. Rh5 g3 59. Rh7+ Kd6 60. Rf7 Be5 61. Bc8 Rf4 62. fxg3
Rxf7 63. exf7 Ke7 64. Be6 Bxg3 65. b6 Bd6 66. b7 Bc7 67. Bc4 Bd6 68. Kf3
Bc7 69. Kg4 Bg3 70. Kg5 Kf8 71. Kf6 1-0

[Event "10th EICC"]
[Site "Budva MNE"]
[Date "2009.03.09"]
[Round "4"]
[White "Klenburg,M"]
[Black "Wieczorek,O"]
[Result "1-0"]
[WhiteElo "2426"]
[BlackElo "2265"]
[EventDate "2009.03.06"]

1. e4 c5 2. d3 Nc6 3. g3 g6 4. Bg2 Bg7 5. f4 d6 6. Nf3 e5 7. c3 Nge7 8. O-O
exf4 9. Bxf4 O-O 10. Na3 Ne5 11. Qd2 Bg4 12. Ne1 Rc8 13. Nac2 Qd7 14. Bh6
f6 15. Bxg7 Kxg7 16. Ne3 Be6 17. d4 cxd4 18. Qxd4 a6 19. N1c2 Qc7 20. Rf2
Qc5 21. Qd2 Rcd8 22. Nd4 Bg8 23. Rd1 Qc8 24. b3 b5 25. Ne2 a5 26. Nf4 a4
27. b4 Nc4 28. Nxc4 Bxc4 29. Bh3 Qc6 30. Qd4 Qc7 31. Bf1 Qc8 32. Bxc4 bxc4
33. Rdf1 a3 34. Nd5 Nxd5 35. exd5 Qd7 36. Rxf6 Rxf6 37. Qxf6+ Kg8 38. Re1
Qa7+ 39. Kg2 Rf8 40. Qe6+ Kh8 41. Re2 Qc7 42. Qe7 Qxe7 43. Rxe7 Rf5 44. b5
Rxd5 45. b6 Rd2+ 46. Kf3 Rxa2 47. b7 Rb2 48. Re8+ 1-0

[Event "10th EICC"]
[Site "Budva MNE"]
[Date "2009.03.09"]
[Round "4"]
[White "Pavlidis,Ant"]
[Black "Fernandes,Ant"]
[Result "1-0"]
[WhiteElo "2278"]
[BlackElo "2422"]
[EventDate "2009.03.06"]

1. e4 c5 2. Nf3 Nf6 3. e5 Ng8 4. Nc3 Nc6 5. Bc4 e6 6. O-O Nge7 7. Re1 Ng6
8. Bb5 Nd4 9. Bd3 d6 10. exd6 Bxd6 11. Nb5 Nxf3+ 12. Qxf3 Bb8 13. Be4 a6
14. Nc3 Ra7 15. Qh5 Qh4 16. Qxh4 Nxh4 17. g3 Ng6 18. d3 b6 19. Be3 f5 20.
Bg2 f4 21. gxf4 Bxf4 22. Na4 Bc7 23. d4 Bb7 24. dxc5 bxc5 25. Bxc5 Bxg2 26.
Bxa7 Nh4 27. Rxe6+ Kf7 28. Rae1 Rc8 29. Re7+ Kg6 30. Re8 Bd8 31. Bb6 Rc4
32. Bxd8 Bf3 33. Bxh4 Rxh4 34. R1e3 1-0

[Event "10th EICC"]
[Site "Budva MNE"]
[Date "2009.03.09"]
[Round "4"]
[White "Jakovljevic,Vlado"]
[Black "Rabrenovic,M"]
[Result "1/2-1/2"]
[WhiteElo "2420"]
[BlackElo "2257"]
[EventDate "2009.03.06"]

1. Nf3 Nf6 2. c4 g6 3. d4 Bg7 4. g3 O-O 5. Bg2 c6 6. Nc3 d5 7. cxd5 cxd5 8.
Ne5 e6 9. O-O Nfd7 10. f4 Nc6 11. Be3 Nb6 12. Bf2 Ne7 13. Rc1 Bd7 14. b3
Bc6 15. Qd2 f6 16. Nd3 Nf5 17. Nc5 Re8 18. Rfd1 Bf8 19. a4 a5 20. e4 dxe4
21. Bxe4 Nd5 22. Nxd5 exd5 23. Bg2 Nd6 24. h3 Kh8 25. Kh2 1/2-1/2

[Event "10th EICC"]
[Site "Budva MNE"]
[Date "2009.03.09"]
[Round "4"]
[White "Solomunovic,I"]
[Black "Spiric,I"]
[Result "1/2-1/2"]
[WhiteElo "2416"]
[BlackElo "2255"]
[EventDate "2009.03.06"]

1. e4 Nc6 2. Nf3 d6 3. d4 Nf6 4. Nc3 Bg4 5. Be2 e6 6. d5 exd5 7. exd5 Bxf3
8. Bxf3 Ne5 9. Be2 Be7 10. Be3 O-O 11. f4 Ng6 12. O-O Re8 13. Bb5 Rf8 14.
Qf3 a6 15. Ba4 Qc8 16. g3 Qh3 17. Qg2 Qxg2+ 18. Kxg2 Ng4 19. Bg1 b5 20. Bb3
Bf6 21. h3 Bxc3 22. bxc3 Nf6 23. Kf3 Rfe8 24. Rfe1 Nd7 25. c4 Nc5 26. Rxe8+
Rxe8 27. Bxc5 dxc5 28. cxb5 axb5 29. c4 b4 30. Rd1 Rd8 31. h4 Ne7 32. g4
Nc8 33. a3 bxa3 34. Ra1 Nb6 35. Rxa3 Ra8 36. Rxa8+ Nxa8 37. Ke4 Nb6 38. g5
f6 39. Kf5 Kf7 40. Kg4 h6 41. gxh6 gxh6 42. Kf5 Nc8 43. Kg4 Nd6 44. f5 Kg7
45. Kf4 Kf7 46. Kg4 Kg7 1/2-1/2

[Event "10th EICC"]
[Site "Budva MNE"]
[Date "2009.03.09"]
[Round "4"]
[White "Sorgic,D"]
[Black "Kurmann,O"]
[Result "0-1"]
[WhiteElo "2278"]
[BlackElo "2415"]
[EventDate "2009.03.06"]

1. e4 c5 2. Nf3 e6 3. d3 Nc6 4. g3 Nge7 5. Bg2 g6 6. O-O Bg7 7. Nbd2 O-O 8.
Re1 e5 9. a4 d6 10. c3 h6 11. Nc4 Be6 12. Ne3 Qd7 13. Nd2 f5 14. Nd5 f4 15.
Nc4 g5 16. Nxe7+ Nxe7 17. b4 Rac8 18. Bb2 Rf7 19. Nd2 Rcf8 20. f3 h5 21. d4
exd4 22. cxd4 Nc6 23. e5 Nxd4 24. Bxd4 cxd4 25. exd6 Bd5 26. Ne4 Bxe4 27.
Rxe4 Qxd6 28. Qe1 Rf5 29. Re6 Qd5 30. g4 Re5 31. Rxe5 Bxe5 32. gxh5 d3 33.
Rd1 Bd4+ 34. Kh1 Be3 35. Qc3 d2 36. h6 Rf7 37. Qc2 Qf5 38. Qxf5 Rxf5 39.
Bf1 Rf6 40. Bc4+ Kh7 41. Bd5 b6 42. Kg2 Kxh6 43. Kf1 Rd6 44. Bb3 Rd3 45.
Be6 Bd4 46. Kg2 Bc3 47. b5 Re3 48. Bc4 Kh5 49. Kf2 Re1 50. Bb3 Kh4 51. Kg2
Bd4 52. Bc2 Re2+ 53. Kh1 g4 0-1

[Event "10th EICC"]
[Site "Budva MNE"]
[Date "2009.03.09"]
[Round "4"]
[White "Nestorovic,N"]
[Black "Plenca,J"]
[Result "1-0"]
[WhiteElo "2415"]
[BlackElo "2248"]
[EventDate "2009.03.06"]

1. e4 e6 2. d4 d5 3. Nc3 Bb4 4. e5 Bf8 5. Be3 Ne7 6. f4 b6 7. Bb5+ c6 8.
Ba4 Nf5 9. Bf2 h5 10. Nf3 Ba6 11. Ne2 Bb5 12. Bb3 c5 13. c3 Nc6 14. O-O Be7
15. Re1 h4 16. Kh1 Rc8 17. Bc2 h3 18. g3 Nh6 19. a3 Na5 20. Bg1 Rc7 21. Nc1
Qc8 22. Nd3 Nc4 23. Rb1 Nf5 24. g4 Nh4 25. Nxh4 Bxh4 26. Rf1 Be7 27. f5
cxd4 28. fxe6 fxe6 29. Bxd4 Bg5 30. Nf4 O-O 31. Qd3 Rxf4 32. Qh7+ Kf8 33.
Qh8+ Kf7 34. Qh5+ Kf8 35. Qxg5 Rff7 36. Bg6 Nxe5 37. Bxf7 Bxf1 38. Rxf1
Rxf7 39. Rxf7+ Nxf7 40. Qxg7+ Ke7 41. Bf6+ Kd6 42. Qxf7 Qc4 43. Qf8+ Kc7
44. Be5+ Kb7 45. Qf7+ Ka6 46. Qf3 Qa2 47. Kg1 1-0

[Event "10th EICC"]
[Site "Budva MNE"]
[Date "2009.03.09"]
[Round "4"]
[White "Brajovic,R"]
[Black "Panic,Ne"]
[Result "0-1"]
[WhiteElo "2275"]
[BlackElo "2407"]
[EventDate "2009.03.06"]

1. e4 c5 2. Nf3 e6 3. d4 cxd4 4. Nxd4 a6 5. Bd3 Nc6 6. Nxc6 dxc6 7. O-O e5
8. Nd2 Be6 9. Nf3 Bd6 10. Ng5 Qe7 11. Nxe6 Qxe6 12. Bc4 Qe7 13. Be3 Nf6 14.
Qf3 h6 15. Rfd1 O-O 16. Rd3 b5 17. Bb3 c5 18. Bd5 c4 19. Rd2 Rac8 20. Rad1
c3 21. bxc3 Rxc3 22. Qf5 Bc5 23. Bxc5 Rxc5 24. g3 a5 25. f4 Rfc8 26. Re2
Kf8 27. Kg2 exf4 28. gxf4 g6 29. Qh3 Rxd5 30. Qxh6+ 0-1

[Event "10th EICC"]
[Site "Budva MNE"]
[Date "2009.03.09"]
[Round "4"]
[White "Cvetkovic,Sr"]
[Black "Susak,Z"]
[Result "1-0"]
[WhiteElo "2407"]
[BlackElo "2229"]
[EventDate "2009.03.06"]

1. c4 e5 2. Nc3 Nf6 3. Nf3 Nc6 4. g3 Bc5 5. Bg2 d6 6. O-O O-O 7. e3 Bg4 8.
h3 Bh5 9. g4 Bg6 10. d4 Bb6 11. dxe5 dxe5 12. Qxd8 Raxd8 13. b3 Bd3 14. Rd1
e4 15. Ne1 Ba5 16. Bb2 h6 17. a3 Bxc3 18. Bxc3 Be2 19. Rxd8 Rxd8 20. Bxf6
gxf6 21. Bxe4 Na5 22. Bc2 Rd2 23. Kg2 Kg7 24. Rc1 c5 25. Kg3 Nc6 26. Ng2 a5
27. Nf4 a4 28. bxa4 Na5 29. Nh5+ Kf8 30. Be4 Nxc4 31. Bxb7 Na5 32. Be4 c4
33. Nf4 Nb3 34. Rc3 Nc5 35. Bf3 Bxf3 36. Kxf3 Rxf2+ 37. Kxf2 Ne4+ 38. Ke1
Nxc3 39. a5 1-0

[Event "10th EICC"]
[Site "Budva MNE"]
[Date "2009.03.09"]
[Round "4"]
[White "Ferguson,M"]
[Black "Pejovic,J"]
[Result "1-0"]
[WhiteElo "2404"]
[BlackElo "2214"]
[EventDate "2009.03.06"]

1. e4 c6 2. d4 d5 3. e5 Bf5 4. Nf3 e6 5. Be2 h6 6. O-O Ne7 7. Nbd2 Bh7 8.
Nb3 Nd7 9. Bd2 Nf5 10. a4 Be7 11. a5 O-O 12. g4 Nh4 13. Nxh4 Bxh4 14. f4 f5
15. Bd3 fxg4 16. Qxg4 Bf5 17. Bxf5 Rxf5 18. Rf3 h5 19. Qg2 Qe7 20. Kh1 Raf8
21. Rh3 R8f7 22. Rg1 Nf8 23. Nc1 g6 24. Nd3 Rg7 25. Bb4 Qd8 26. Bxf8 Rxf8
27. Nc5 Qe7 28. Nxe6 Qxe6 29. Rxh4 Qf5 30. Qe2 Kh7 31. Rg5 Qe4+ 32. Qxe4
dxe4 33. Kg2 Rgf7 34. Kg3 Kh8 35. c4 Rf5 36. d5 cxd5 37. cxd5 e3 38. Rxf5
Rxf5 39. d6 Rf7 40. f5 gxf5 41. Rd4 f4+ 42. Kf3 Rf5 43. d7 1-0

[Event "10th EICC"]
[Site "Budva MNE"]
[Date "2009.03.09"]
[Round "4"]
[White "Veleski,R"]
[Black "Yilmaz,M"]
[Result "0-1"]
[WhiteElo "2269"]
[BlackElo "2400"]
[EventDate "2009.03.06"]

1. d4 d5 2. c4 c6 3. cxd5 cxd5 4. Nc3 Nf6 5. Nf3 Nc6 6. Bf4 Bf5 7. e3 e6 8.
Bb5 Nd7 9. Ne5 Ncxe5 10. Bxe5 a6 11. Bxd7+ Qxd7 12. O-O Rc8 13. Qb3 b5 14.
Rfe1 Rc4 15. a4 Rb4 16. Qd1 bxa4 17. Nxa4 f6 18. Bg3 Qb5 19. Nc3 Qd3 20.
Qh5+ Bg6 21. Qg4 Rb6 22. Nxd5 h5 23. Nc7+ Kf7 24. Qd1 Qxd1 25. Rexd1 h4 26.
Bf4 Bh5 27. Rdc1 g5 28. Na8 Rxb2 29. Bc7 Be2 30. Nb6 h3 31. Nc4 Rb4 32.
Nd6+ Kg6 33. Ra2 Bd3 34. Ra3 Rh7 35. Ba5 Rb1 36. Rxb1 Bxb1 37. Bb4 Rc7 38.
gxh3 Rc6 39. Ra1 Rc1+ 40. Kg2 Bxd6 41. Rxb1 Rxb1 42. Bxd6 a5 43. Kg3 a4 44.
h4 gxh4+ 45. Kxh4 Rb3 0-1